| Tag |
First Indicator |
Second Indicator |
Subfields |
| LEADER |
00000cam a2200000 4500 |
| 001 |
in00000045790 |
| 005 |
20151007075256.0 |
| 008 |
711227s1902 nyuacf 00010 eng u |
| 010 |
|
|
|a 03000738
|
| 035 |
|
|
|a (OCoLC)00187647
|
| 035 |
|
|
|9 AAF2935AM
|
| 040 |
|
|
|c KSU
|d TXA
|d UtOrBLW
|
| 049 |
|
|
|a TXAM
|c [13836]
|
| 050 |
|
0 |
|a QC863
|b .D92
|
| 092 |
|
|
|a 551.5
|b D92
|
| 100 |
1 |
|
|a Dunn, Elias Bound,
|d 1855-
|
| 245 |
1 |
4 |
|a The weather and practical methods of forecasting it /
|c by E. B. Dunn (Farmer Dunn).
|
| 264 |
|
1 |
|a New York :
|b Dodd, Mead & company,
|c [1902]
|
| 300 |
|
|
|a viii, 356 pages :
|b frontispiece, (portrait) illustrations, plate, diagram ;
|c 20 cm.
|
| 336 |
|
|
|a text
|b txt
|2 rdacontent
|
| 337 |
|
|
|a unmediated
|b n
|2 rdamedia
|
| 338 |
|
|
|a volume
|b nc
|2 rdacarrier
|
| 650 |
|
0 |
|a Meteorology.
|
| 999 |
|
|
|a MARS
|
| 999 |
f |
f |
|s 20f72e8d-7250-3dc9-9911-e8ff865de9dc
|i 0b5eea75-0d2b-308b-b2b0-38d6a88efc20
|t 0
|
| 952 |
f |
f |
|p ric
|a Texas A&M University
|b Rellis Campus
|c Joint Library Facility
|d Remote Storage
|t 0
|e QC863 .D92
|h Library of Congress classification
|i unmediated -- volume
|m A14800953404
|
| 998 |
f |
f |
|a QC863 .D92
|t 0
|l Remote Storage
|